000 00602cam a2200157 a 4500
020 _a1863733027
040 _cDLC
082 0 0 _a959 ALL 1996 A113 Or.
100 1 _aDennis, Peter
245 1 0 _aEmergency and confrontation :
_bAustralian military operations in Malaya and Borneo 1950-1966 /
260 _aSt. Leonards, NSW, Australia :
_bAllen & Unwin in association with the Australian War Memorial,
_c1996
300 _axvi, 381 p. :
_bill., maps ;
_c25 cm
490 1 _aThe Official history of Australia's involvement in Southeast Asian conflicts, 1948-1975
700 1 _aGrey, Jeffrey
942 _cEK
999 _c16661
_d16661